The Manual On Ethics,Integrity And Aptitude (Record no. 67922)
[ view plain ]
| 000 -LEADER | |
|---|---|
| fixed length control field | 00285nam a22001097a 4500 |
| 082 ## - DEWEY DECIMAL CLASSIFICATION NUMBER | |
| Classification number | 170/GOW |
| 100 ## - MAIN ENTRY--AUTHOR NAME | |
| Personal name | Gowda,Srushti Deshmukh |
| 245 ## - TITLE STATEMENT | |
| Title | The Manual On Ethics,Integrity And Aptitude |
| 260 ## - PUBLICATION, DISTRIBUTION, ETC. (IMPRINT) | |
| Place of publication | Delhi |
| Name of publisher | Wiley India Pvt.Ltd. |
| Year of publication | 2024 |
| 650 ## - SUBJECT ADDED ENTRY--TOPICAL TERM | |
| Topical Term | Ethics |
| 942 ## - ADDED ENTRY ELEMENTS (KOHA) | |
| Koha item type | Competitive Books |
| Withdrawn status | Lost status | Damaged status | Not for loan | Home library | Current library | Date acquired | Cost, normal purchase price | Full call number | Accession Number | Price effective from | Koha item type |
|---|---|---|---|---|---|---|---|---|---|---|---|
| MACL | MACL | 19/04/2025 | 599.00 | 170/GOW | DPI003068 | 19/04/2025 | Competitive Books |









